Catálogo público

Fabricación Fiable de Embutidos, Guía para el Técnico / (Record no. 173447)

MARC details
000 -CABECERA
campo de control de longitud fija 00635nam a2200229Ia 4500
001 - NÚMERO DE CONTROL
campo de control dia_2944
003 - IDENTIFICADOR DEL NÚMERO DE CONTROL
campo de control CHAP
005 - FECHA Y HORA DE LA ÚLTIMA TRANSACCIÓN
campo de control 20251023161252.0
008 - DATOS DE LONGITUD FIJA--INFORMACIÓN GENERAL
campo de control de longitud fija 220117s1983 xx 000 0 und d
010 ## - NÚMERO DE CONTROL DE LA BIBLIOTECA DEL CONGRESO
Número de control de LC 173447
040 ## - FUENTE DE LA CATALOGACIÓN
Centro/agencia transcriptor CHAP
082 ## - NÚMERO DE LA CLASIFICACIÓN DECIMAL DEWEY
Número de clasificación 664.9028 F7Y
100 ## - ENTRADA PRINCIPAL--NOMBRE DE PERSONA
Nombre de persona Frey, Werner
9 (RLIN) 140142
245 ## - MENCIÓN DE TÍTULO
Título Fabricación Fiable de Embutidos, Guía para el Técnico /
Mención de responsabilidad, etc. por Werner Frey
260 ## - PUBLICACIÓN, DISTRIBUCIÓN, ETC.
Lugar de publicación, distribución, etc. Zaragoza (España) Acribia
Fecha de publicación, distribución, etc. 1983
300 ## - DESCRIPCIÓN FÍSICA
Extensión 194 p.
650 ## - PUNTO DE ACCESO ADICIONAL DE MATERIA--TÉRMINO DE MATERIA
Término de materia o nombre geográfico como elemento de entrada Embutidos
9 (RLIN) 36500
901 ## - ELEMENTOS DE DATOS A LOCAL LDA (RLIN)
a 664.9028 F7Y
902 ## - ELEMENTOS DE DATOS B LOCAL, LDB (RLIN)
a M
905 ## - ELEMENTOS DE DATOS E LOCAL, LDE (RLIN)
a 0000001983 ZARA 0000000000ESP00
942 ## - ELEMENTOS DE PUNTO DE ACCESO ADICIONAL (KOHA)
Tipo de ítem Koha Libro
Fuente del sistema de clasificación o colocación Dewey Decimal Classification
Holdings
Estado de retiro Estado de pérdida Fuente del sistema de clasificación o colocación Estado dañado Restricciones de uso No para préstamo Código de colección Localización permanente Ubicación/localización actual Fecha de adquisición Fuente de adquisición Coste, precio normal de compra Número de inventario Total de préstamos Signatura topográfica completa Código de barras Fecha visto por última vez Fecha del último préstamo Número de copia Tipo de ítem Koha Ubicación en estantería Información codificada de la localización en otra ubicación Precio válido a partir de
    Dewey Decimal Classification   Préstamo 5 días   General Ingenieria Agroindustrial Ingenieria Agroindustrial 11/04/1989 Compra Gaona F. 1650 / Res. 22416 (11-Abr-1989) 66348.00 145365 10 664.9028 F7Y dia_2956 28/10/2025 28/10/2025 Ej. 2 Libro      
    Dewey Decimal Classification       General Ingenieria Agroindustrial Ingenieria Agroindustrial 18/01/2022           dia_2681 18/01/2022   1 Libro   1 18/01/2022